000
00382nam a2200145Ia 4500
008
100122s9999 xx 000 0 und d
082
_b
54048
_a
823
100
_a
वाळिंबे सुरेश
245
_a
संशय
260
_b
योगिता प्रकाशन
_c
1997
300
_a
118
630
_a
संशय
730
_a
संशय
942
_c
BOOK
999
_c
430955
_d
430952